Menos leones : (Record no. 180887)

MARC details
000 -LEADER
campo de control de longitud fija 01125nam a2200253 i 4500
001 - NÚMERO DE CONTROL
campo de control 180887
003 - IDENTIFICADOR DE NÚMERO DE CONTROL
campo de control ES-MaACL
005 - FECHA Y HORA DE LA ÚLTIMA TRANSACCIÓN
campo de control 20230930213301.0
008 - DATOS DE LONGITUD FIJA--INFORMACIÓN GENERAL
campo de control de longitud fija 120809s2002 sp a |||| |dspa d
020 ## - NÚMERO INTERNACIONAL ESTÁNDAR DEL LIBRO
Número Internacional Estándar del Libro 84-95058-97-9
080 ## - NÚMERO DE LA CLASIFICACIÓN DECIMAL UNIVERSAL
Número de la Clasificación Decimal Universal 328(460)(089.3)
100 1# - ENTRADA PRINCIPAL--NOMBRE DE PERSONA
Nombre de persona Bartolomé Martínez, Gregorio.
9 (RLIN) 26174
245 10 - MENCIÓN DEL TÍTULO
Título Menos leones :
Resto del título así eran sus señorías a los diez años de la Constitución : crónicas parlamentarias publicadas en el periódico YA entre 1987-1989 /
Mención de responsabilidad, etc. Gregorio Bartolomé Martínez.
246 37 - FORMA VARIANTE DEL TITULO
Título propio/Titulo breve Crónicas parlamentarias :
Resto del título publicadas en el periódico YA entre 1987-1989
260 ## - PUBLICACIÓN, DISTRIBUCIÓN, ETC.
Lugar de publicación, distribución, etc. Madrid :
Nombre del editor, distribuidor, etc. Ediciones 2010,
Fecha de publicación, distribución, etc. [2002]
300 ## - DESCRIPCIÓN FÍSICA
Extensión X, 360 p. :
Otras características físicas il. ;
Dimensiones 24 cm.
500 ## - NOTA GENERAL
Nota general Índice onomástico.
610 14 - PUNTO DE ACCESO ADICIONAL DE MATERIA--NOMBRE DE ENTIDAD CORPORATIVA
Nombre de entidad corporativa o nombre de jurisdicción como elemento de entrada España.
Unidad subordinada Cortes Generales-
Subdivisión de forma Anécdotas.
9 (RLIN) 151255
650 #4 - PUNTO DE ACCESO ADICIONAL DE MATERIA--TÉRMINO DE MATERIA
Término de materia o nombre geográfico como elemento de entrada Parlamentarios-
Subdivisión geográfica España-
Subdivisión de forma Anécdotas.
9 (RLIN) 151256
852 4# - LOCALIZACIÓN
Ubicación ES-MaACL
Número de control de estantería A-12166
itemnumber 187766
Sublocalización o colección R.146925
Ubicación en estantería Depósito 1
Signatura antigua Olim: N-5171
Encuadernación Donación: Gregorio Bartolomé Martínez
Nota libre Dedicatoria autógrafa del autor
903 ## - NOMBRE PERSONAL DE DONANTE
9 26174
a Bartolomé Martínez, Gregorio
e Donante
942 ## - ELEMENTOS DE ENTRADA SECUNDARIOS (KOHA)
Fuente del sistema de clasificación o colocación Clasificación decimal universal
Tipo de ítem Koha Libro impreso
Holdings
Estatus retirado Estado de pérdida Fuente del sistema de clasificación o colocación Estado de daño No para préstamo Biblioteca de origen Biblioteca actual Ubicación en estantería Fecha de adquisición Fuente de adquisición Total de préstamos Signatura topográfica completa Código de barras Visto por última vez Precio de reemplazo Tipo de ítem Koha Nota pública
    Clasificación decimal universal     Biblioteca del Ateneo de Madrid Biblioteca del Ateneo de Madrid Depósito 1 09/08/2012 Donación   A-12166 1190084 23/02/2023 23/02/2023 Libro impreso Dedicatoria autógrafa del autor